|
|
|
|
| LEADER |
03214nam a2200637 ia4500 |
| 001 |
nkc20182997246 |
| 003 |
CZ PrNK |
| 005 |
20260515102225.0 |
| 007 |
ta |
| 008 |
180516m20179999xr a b 000 h cze |
| 015 |
|
|
|a cnb002997246
|z cnb002885129
|z cnb003465012
|
| 020 |
|
|
|a 978-80-264-5685-8
|q (soubor 2025) :
|c Kč 890,00
|
| 020 |
|
|
|a 978-80-264-1433-9
|q (1 ;
|q vázáno) :
|c Kč 149,00
|
| 020 |
|
|
|a 978-80-264-1883-2
|q (2 ;
|q vázáno) :
|c Kč 169,00
|
| 020 |
|
|
|a 978-80-264-2309-6
|q (3 ;
|q vázáno) :
|c Kč 169,00
|
| 020 |
|
|
|a 978-80-264-3029-2
|q (4 ;
|q vázáno) :
|c Kč 199,00
|
| 020 |
|
|
|a 978-80-264-3563-1
|q (5 ;
|q vázáno) :
|c Kč 199,00
|
| 020 |
|
|
|a 978-80-264-4494-7
|q (6 ;
|q vázáno) :
|c Kč 199,00
|
| 020 |
|
|
|a 978-80-264-5329-1
|q (7 ;
|q vázáno) :
|c Kč 199,00
|
| 035 |
|
|
|a (OCoLC)989916632
|
| 040 |
|
|
|a ABA001
|b cze
|d BOA001
|e rda
|
| 072 |
|
7 |
|a 821-93
|x Literatura pro děti a mládež (beletrie)
|2 Konspekt
|9 26
|
| 080 |
|
|
|a 821-845
|2 MRF
|
| 080 |
|
|
|a 821-93
|2 MRF
|
| 080 |
|
|
|a (0:82-845)
|2 MRF
|
| 100 |
1 |
|
|a Neubauerová, Zuzana,
|d 1979-
|7 mzk2008486446
|4 aut
|
| 245 |
1 |
0 |
|a Vtipy pro děti
|
| 250 |
|
|
|a 1. vydání
|
| 264 |
|
1 |
|a V Brně :
|b CPress,
|c 2017-
|
| 300 |
|
|
|a ^^^svazků :
|b ilustrace ;
|c 22 cm
|
| 336 |
|
|
|a text
|b txt
|2 rdacontent
|
| 337 |
|
|
|a bez média
|b n
|2 rdamedia
|
| 338 |
|
|
|a svazek
|b nc
|2 rdacarrier
|
| 500 |
|
|
|a Od 2. dílu uvedena autorka Zuzana Neubauerová
|
| 500 |
|
|
|a Dotisk 4. a 5. dílu v roce 2023
|
| 500 |
|
|
|a Část nákladu dotisku 4. a 5. dílu distribuována v roce 2025 jako součást pětisvazkového souboru (svazky jsou dotisky různých vydání) ve společném kartonovém pouzdru se souborným názvem: Vtipy pro děti - box 1-5; ISBN souboru pouze na krabici
|
| 505 |
1 |
|
|a [1]. 2017. 102 stran -- 2. 2018. 100 stran -- 3. 2018. 93 stran -- 4. 2020. 89 stran -- 5. 2021. 94 stran -- 6. 2022. 94 stran -- 7. 2024. 93 stran
|
| 521 |
8 |
|
|a Pro děti od 6 let
|
| 655 |
|
7 |
|a vtipy
|7 fd133820
|2 czenas
|
| 655 |
|
7 |
|a publikace pro děti
|7 fd133156
|2 czenas
|
| 655 |
|
9 |
|a jokes
|2 eczenas
|
| 655 |
|
9 |
|a children's literature
|2 eczenas
|
| 710 |
2 |
|
|a CPress (nakladatelství)
|7 ko2016932359
|4 pbl
|
| 740 |
0 |
2 |
|a Vtipy pro děti - box 1-5
|
| 910 |
2 |
|
|a BOA001
|b 2-1387.173
|s 1-7-
|
| 928 |
9 |
|
|a Albatros Media - CPress
|
| 990 |
|
|
|a BK
|
| 995 |
|
|
|a 01
|
| 991 |
|
|
|b 202410
|c NOV
|
| 996 |
6 |
|
|b 2610704817
|c 2-1387.173
|d 1. díl
|v 1
|l MZK
|r Sklad / do 1 hodiny
|n 6
|p p.v.
|w 001607616
|u 000010
|a 1
|e BOA001
|j MZK50
|s P
|
| 996 |
6 |
|
|b 2610744760
|c 2-1387.173
|d 2. díl
|v 2
|l MZK
|r Sklad / do 1 hodiny
|n 2
|p p.v.
|w 001607616
|u 000020
|a 1
|e BOA001
|j MZK50
|s P
|
| 996 |
6 |
|
|b 2610764923
|c 2-1387.173
|d 3. díl
|v 3
|l MZK
|r Sklad / do 1 hodiny
|n 1
|p p.v.
|w 001607616
|u 000030
|a 1
|e BOA001
|j MZK50
|s P
|
| 996 |
6 |
|
|b 2610816942
|c 2-1387.173
|d 4. díl
|v 4
|l MZK
|r Sklad / do 1 hodiny
|n 1
|p p.v.
|w 001607616
|u 000040
|a 1
|e BOA001
|j MZK50
|s P
|
| 996 |
6 |
|
|b 2610865822
|c 2-1387.173
|d 5. díl
|v 5
|l MZK
|r Sklad / do 1 hodiny
|n 0
|p p.v.
|w 001607616
|u 000050
|a 1
|e BOA001
|j MZK50
|s P
|
| 996 |
6 |
|
|b 2610923991
|c 2-1387.173
|d 6. díl
|v 6
|l MZK
|r Sklad / do 1 hodiny
|n 0
|p p.v.
|w 001607616
|u 000060
|a 1
|e BOA001
|j MZK50
|s P
|
| 996 |
6 |
|
|b 2610981579
|c 2-1387.173
|d 7. díl
|v 7
|l MZK
|r Sklad / do 1 hodiny
|n 0
|p p.v.
|w 001607616
|u 000070
|a 1
|e BOA001
|j MZK50
|s P
|